Central Library OPAC University of Rajshahi

تاريخ الكعبة المعظمة : ;; Tārīkh al-Kaʿbah al-muʿaẓẓamah : (Record no. 78411)

MARC details
000 -LEADER
fixed length control field 01372cam a2200265 a 4500
001 - CONTROL NUMBER
control field 78411
003 - CONTROL NUMBER IDENTIFIER
rucl marc code BD-RjUL
005 - DATE AND TIME OF LATEST TRANSACTION
control field 20211209083127.0
008 - FIXED-LENGTH DATA ELEMENTS--GENERAL INFORMATION
fixed length control field 011212s1933 su b 00010 ara d
020 ## - INTERNATIONAL STANDARD BOOK NUMBER
International Standard Book Number 9960660710
035 ## - SYSTEM CONTROL NUMBER
System control number (BD-RjUL)78637
040 ## - CATALOGING SOURCE
Original cataloging agency DLC-R
Transcribing agency DLC-R
Modifying agency MiU
Language of cataloging eng
041 ## - LANGUAGE CODE
Language code of text/sound track or separate title ara
043 ## - GEOGRAPHIC AREA CODE
Geographic area code a-su---
066 ## - CHARACTER SETS PRESENT
Alternate G0 or G1 character set (3
082 ## - DEWEY DECIMAL CLASSIFICATION NUMBER
Edition number 23
Classification number 297.35209
Author mark and year BAT 1933
100 1# - MAIN ENTRY--PERSONAL NAME
Personal name باسلامة، حسين عبد الله;; Bāsalāmah, Ḥusayn ʿAbd Allāh,
Dates associated with a name 1881-1944.
9 (RLIN) 248149
245 10 - TITLE STATEMENT
Title تاريخ الكعبة المعظمة : ;; Tārīkh al-Kaʿbah al-muʿaẓẓamah :
Remainder of title عمارتها وكسوتها وسدانتها ;; imāratuhā wa-kiswatuhā wa-sadānatuhā /
Statement of responsibility, etc. حسين عبد الله باسلامة.;; Ḥusayn ʿAbd Allāh Bāsalāmah.
260 ## - PUBLICATION, DISTRIBUTION, ETC. (IMPRINT)
Place of publication, distribution, etc. جدة، السعودية :
Name of publisher, distributor, etc. المملكة العربية السعودية، الأمانة العامة للاحتفال بمرور مائة عام على تأسيس المملكة، ;; al-Mamlakah al-ʿArabīyah al-Saʿūdīyah, al-Amānah al-ʿĀmmah lil-Iḥtifāl bi-Murūr Miʼat ʿĀm ʿalá Taʼsīs al-Mamlakah,
Date of publication, distribution, etc. 1933[1354]
300 ## - PHYSICAL DESCRIPTION
Pagination 401 p. :
Illustrations illus. ;
Size 25 cm.
520 ## - SUMMARY, ETC.
Summary, etc. Kaʿbah; Islamic shrines; Mecca (Saudi Arabia); history.
610 20 - SUBJECT ADDED ENTRY--CORPORATE NAME
Corporate name or jurisdiction name as entry element Masjid al-Ḥarām.
650 #0 - SUBJECT ADDED ENTRY--TOPICAL TERM
Topical term or geographic name as entry element Islamic shrines
Geographic subdivision Saudi Arabia
-- Mecca
General subdivision History.
9 (RLIN) 248151
942 ## - ADDED ENTRY ELEMENTS (KOHA)
Source of classification or shelving scheme Dewey Decimal Classification
Koha item type Books
Holdings
Lost status Source of classification or shelving scheme Damaged status Not for loan Collection code Permanent Location Current Location Shelving location Date acquired Source of acquisition Cost, normal purchase price Total Checkouts Full call number Date last seen Copy number Koha item type
  Dewey Decimal Classification   Not For Loan Non-fiction Central Library, University of Rajshahi Central Library, University of Rajshahi Reading Room 18/10/1973 Quran Manjil, Dhaka 6.00   A 297.35209 BAT 1933 19/09/2021 C-1 Books